[Event "Montesilvano Adriatico op 2nd"]
[Site "Montesilvano"]
[Date "2013.03.02"]
[Round "3"]
[White "Lantini, Marco"]
[Black "Capuano, Francesca"]
[Result "1/2-1/2"]
[WhiteElo "2128"]
[BlackElo "1923"]
[PlyCount "113"]
[EventDate "2013.03.01"]
[EventType "swiss"]
[EventRounds "5"]
[EventCountry "ITA"]
[SourceTitle "CBM 153 Extra"]
[Source "ChessBase"]
[SourceDate "2013.04.22"]
[SourceVersion "1"]
[SourceVersionDate "2013.04.22"]
[SourceQuality "1"]

1. d4 d5 2. c4 e6 3. Nf3 Nf6 4. Nc3 Be7 5. Bf4 0-0 6. e3 c5 7. dxc5 Bxc5 8. Qc2 Nc6 9. Rd1 Qa5 10. Nd2 Bb4 11. Be2 d4 12. Nb3 Bxc3+ 13. bxc3 Qxc3+ 14. Qxc3 dxc3 15. Rc1 e5 16. Bg3 Ne4 17. Bh4 f6 18. f3 Nd6 19. Rxc3 Be6 20. 0-0 Rfd8 21. g4 g5 22. Bg3 Rac8 23. Rb1 Ne7 24. Rbc1 b6 25. Be1 Nb7 26. R3c2 Kf7 27. Bb4 a5 28. Ba3 a4 29. Nd2 Nc5 30. Bxc5 bxc5 31. Ne4 h6 32. Nc3 Bd7 33. Nd5 Rb8 34. Rd2 Nc6 35. Rcd1 Be6 36. Bd3 Nb4 37. Be4 Nxd5 38. cxd5 Bd7 39. Rc1 Rdc8 40. Rdc2 Rb5 41. Bd3 Rb4 42. Rxc5 Rxc5 43. Rxc5 Rb2 44. Rc7 Ke8 45. Rc2 Rb1+ 46. Kf2 Rh1 47. Kg2 Re1 48. Kf2 Rh1 49. Bf1 Rxh2+ 50. Bg2 h5 51. Kg3 Rh4 52. Bh3 e4 53. fxe4 hxg4 54. Bg2 Ke7 55. Rb2 Rh8 56. Bf1 Rc8 57. Kf2 1/2-1/2

[Event "Montesilvano Adriatico op 2nd"]
[Site "Montesilvano"]
[Date "2013.03.01"]
[Round "1"]
[White "Pescatore, Lorenzo"]
[Black "Capuano, Francesca"]
[Result "1-0"]
[WhiteElo "2206"]
[BlackElo "1923"]
[PlyCount "91"]
[EventDate "2013.03.01"]
[EventType "swiss"]
[EventRounds "5"]
[EventCountry "ITA"]
[SourceTitle "CBM 153 Extra"]
[Source "ChessBase"]
[SourceDate "2013.04.22"]
[SourceVersion "1"]
[SourceVersionDate "2013.04.22"]
[SourceQuality "1"]

1. e4 e5 2. Nf3 Nf6 3. Nxe5 d6 4. Nf3 Nxe4 5. Nc3 Nxc3 6. dxc3 Be7 7. Be3 0-0 8. Qd2 Nc6 9. 0-0-0 Ne5 10. Kb1 Bg4 11. Be2 Nxf3 12. gxf3 Be6 13. Bd3 Bf6 14. Rdg1 Kh8 15. h4 d5 16. Bh6 Rg8 17. Bg5 c5 18. Qf4 Rc8 19. Rd1 Qc7 20. Qd2 Be7 21. Rde1 Bd6 22. f4 c4 23. Bf1 Rge8 24. f5 Bxf5 25. Bg2 Be4 26. f3 Bf5 27. Qxd5 Be6 28. Qd4 Bc5 29. Qd2 f6 30. Bf4 Qb6 31. h5 Rcd8 32. Qc1 Bf5 33. Rxe8+ Rxe8 34. Re1 Qc6 35. h6 g6 36. Qd2 Rxe1+ 37. Qxe1 g5 38. Bg3 Bf8 39. Qh1 Qd5 40. f4 Qd2 41. fxg5 Bxc2+ 42. Ka1 Qd1+ 43. Qxd1 Bxd1 44. gxf6 Bxh6 45. Bd6 Bh5 46. Bd5 1-0

[Event "ITA-ch (Women)"]
[Site "Bratto"]
[Date "2008.08.25"]
[Round "4"]
[White "Capuano, Francesca"]
[Black "Panella, Fiammetta"]
[Result "0-1"]
[WhiteElo "1911"]
[BlackElo "2019"]
[PlyCount "92"]
[EventDate "2008.08.22"]
[EventType "swiss"]
[EventRounds "9"]
[EventCountry "ITA"]
[SourceTitle "CBM 126 Extra"]
[Source "ChessBase"]
[SourceDate "2008.11.05"]
[SourceVersion "1"]
[SourceVersionDate "2008.11.05"]
[SourceQuality "1"]

1. d4 Nf6 2. Nf3 g6 3. c4 Bg7 4. Nc3 d5 5. Bf4 0-0 6. e3 c5 7. dxc5 Qa5 8. Rc1 dxc4 9. Bxc4 Qxc5 10. Bb3 Nc6 11. 0-0 Qa5 12. h3 Bf5 13. Qe2 Ne4 14. Nd5 e5 15. Rxc6 bxc6 16. Ne7+ Kh8 17. Nxc6 Qb6 18. Ncxe5 Be6 19. Bxe6 Qxe6 20. Qc4 Qxc4 21. Nxc4 Rac8 22. b3 Nc3 23. Be5 Bxe5 24. Nfxe5 Rc7 25. Ra1 Rd8 26. Nf3 Kg7 27. Nd4 a6 28. a4 Kf6 29. g3 Ne4 30. a5 Ng5 31. Kg2 Ne6 32. Nxe6 Kxe6 33. Ra4 Rb7 34. Nb6 Rd3 35. Rb4 Kd6 36. Nc8+ Kc6 37. Rh4 Rdxb3 38. Rxh7 R3b5 39. Nb6 Rxa5 40. Nc4 Rc5 41. Rh4 a5 42. Rd4 a4 43. f4 Rb4 44. Ne5+ Kb5 45. Rxb4+ Kxb4 46. Nd3+ Kb5 0-1

[Event "ITA-ch (Women)"]
[Site "Bratto"]
[Date "2008.08.23"]
[Round "2"]
[White "Chierici, Marianna"]
[Black "Capuano, Francesca"]
[Result "1/2-1/2"]
[WhiteElo "2037"]
[BlackElo "1911"]
[PlyCount "84"]
[EventDate "2008.08.22"]
[EventType "swiss"]
[EventRounds "9"]
[EventCountry "ITA"]
[SourceTitle "CBM 126 Extra"]
[Source "ChessBase"]
[SourceDate "2008.11.05"]
[SourceVersion "1"]
[SourceVersionDate "2008.11.05"]
[SourceQuality "1"]

1. e4 d6 2. d4 Nf6 3. Nc3 e5 4. Nf3 Nbd7 5. Bc4 Be7 6. 0-0 0-0 7. Re1 c6 8. a4 b6 9. Bg5 a6 10. Bxf6 Bxf6 11. d5 c5 12. Qd2 g6 13. Bf1 Bg7 14. Reb1 h6 15. g3 f5 16. Nh4 Rf6 17. Bh3 Nf8 18. b4 f4 19. Bxc8 Qxc8 20. Kg2 Nh7 21. f3 h5 22. bxc5 Qxc5 23. Nd1 Rc8 24. c3 Nf8 25. Qe2 a5 26. Rb5 Qc7 27. Rab1 Nd7 28. Rc1 fxg3 29. hxg3 Bh6 30. Rc2 Bg5 31. Nb2 Bxh4 32. gxh4 Rf4 33. Qf2 Qd8 34. Qg3 Kh7 35. Qg5 Rxh4 36. Qxd8 Rxd8 37. Nc4 g5 38. Nxd6 g4 39. Nf5 gxf3+ 40. Kxf3 Rh3+ 41. Kg2 Rd3 42. Kh1 Rh3+ 1/2-1/2

[Event "ITA-chT Final (Women) 1st"]
[Site "Arvier"]
[Date "2008.05.02"]
[Round "2"]
[White "Panella, Fiammetta"]
[Black "Capuano, Francesca"]
[Result "1-0"]
[WhiteElo "2042"]
[BlackElo "1914"]
[PlyCount "35"]
[EventDate "2008.05.02"]
[EventType "team-swiss"]
[EventRounds "5"]
[EventCountry "ITA"]
[SourceTitle "CBM 124 Extra"]
[Source "ChessBase"]
[SourceDate "2008.07.03"]
[SourceVersion "1"]
[SourceVersionDate "2008.07.03"]
[SourceQuality "1"]
[WhiteTeam "Vitinia"]
[BlackTeam "Barletta"]
[WhiteTeamCountry "ITA"]
[BlackTeamCountry "ITA"]

1. e4 e5 2. d4 exd4 3. Nf3 Nf6 4. Bc4 Nxe4 5. Qxd4 Nf6 6. Nc3 Nc6 7. Qd3 Be7 8. Bg5 d6 9. 0-0-0 0-0 10. Rhe1 a6 11. h4 h6 12. Bxh6 gxh6 13. Qg6+ Kh8 14. Qxh6+ Kg8 15. Ng5 Bf5 16. f3 b5 17. g4 Bg6 18. Qxg6+ 1-0

[Event "Campobasso op 14th"]
[Site "Campobasso"]
[Date "2007.07.22"]
[Round "6"]
[White "Mazza, Daniele"]
[Black "Capuano, Francesca"]
[Result "1/2-1/2"]
[WhiteElo "1757"]
[BlackElo "1934"]
[PlyCount "39"]
[EventDate "2007.07.20"]
[EventType "swiss"]
[EventRounds "6"]
[EventCountry "ITA"]
[SourceTitle "EXT 2009"]
[Source "ChessBase"]
[SourceDate "2008.11.26"]
[SourceVersion "1"]
[SourceVersionDate "2008.11.26"]
[SourceQuality "1"]

1. d4 d5 2. c4 e6 3. Nc3 Nf6 4. Bg5 Be7 5. Nf3 0-0 6. e3 h6 7. Bh4 b6 8. Bd3 Bb7 9. Bg3 Nbd7 10. 0-0 Nh5 11. cxd5 Nxg3 12. hxg3 exd5 13. Rc1 c5 14. Re1 Nf6 15. Ne5 Bd6 16. Ng4 Nxg4 17. Qxg4 Qf6 18. Rcd1 cxd4 19. exd4 Rad8 20. Qh4 1/2-1/2

[Event "Campobasso op 14th"]
[Site "Campobasso"]
[Date "2007.07.21"]
[Round "4"]
[White "Caporale, Giuseppe Guido"]
[Black "Capuano, Francesca"]
[Result "1-0"]
[WhiteElo "1850"]
[BlackElo "1934"]
[PlyCount "121"]
[EventDate "2007.07.20"]
[EventType "swiss"]
[EventRounds "6"]
[EventCountry "ITA"]
[SourceTitle "EXT 2009"]
[Source "ChessBase"]
[SourceDate "2008.11.26"]
[SourceVersion "1"]
[SourceVersionDate "2008.11.26"]
[SourceQuality "1"]

1. e4 e5 2. Nf3 Nf6 3. Nxe5 d6 4. Nf3 Nxe4 5. Nc3 Nxc3 6. dxc3 Be7 7. Bd3 Nd7 8. Be3 Bf6 9. Bd4 0-0 10. 0-0 Re8 11. Re1 Bxd4 12. cxd4 Nf6 13. h3 c6 14. Qd2 h6 15. c4 Be6 16. Re2 Qd7 17. Kh2 Bf5 18. Rae1 Bxd3 19. Qxd3 Rxe2 20. Rxe2 Re8 21. b4 Rxe2 22. Qxe2 Qe8 23. Qxe8+ Nxe8 24. Kg3 g6 25. Kf4 Kg7 26. g4 Nc7 27. Ke3 Kf6 28. h4 Ne6 29. d5 cxd5 30. cxd5 Nc7 31. Kd4 b5 32. Nd2 Ke7 33. f4 f5 34. g5 h5 35. Nb3 Na6 36. a3 Nb8 37. Na5 Kd7 38. Kc3 Kc7 39. Nb3 Kb6 40. Nd4 a5 41. Ne6 Nd7 42. Nd8 a4 43. Nc6 Nf8 44. Kd4 Nd7 45. Nd8 Kc7 46. Ne6+ Kc8 47. Kd3 Nb6 48. Nf8 Nc4 49. Nxg6 Kd8 50. Nf8 Ke7 51. Ne6 Kf7 52. Nd4 Nxa3 53. Nxf5 Nc4 54. Kc3 Kg6 55. Nd4 Ne3 56. f5+ Nxf5 57. Nxb5 Nxh4 58. Nxd6 Kxg5 59. b5 Nf3 60. b6 Ne5 61. Nf7+ 1-0

[Event "ITA-ch (Women) 33rd"]
[Site "Bratto"]
[Date "2006.08.27"]
[Round "9"]
[White "Capuano, Francesca"]
[Black "Reginato, Sabrina"]
[Result "1/2-1/2"]
[WhiteElo "1977"]
[BlackElo "1517"]
[PlyCount "48"]
[EventDate "2006.08.19"]
[EventType "swiss"]
[EventRounds "9"]
[EventCountry "ITA"]
[SourceTitle "CBM 113 Extra"]
[Source "ChessBase"]
[SourceDate "2006.09.14"]
[SourceVersion "1"]
[SourceVersionDate "2006.09.14"]
[SourceQuality "1"]

1. d4 d5 2. Nf3 Nf6 3. Bf4 e6 4. e3 Bd6 5. Bg3 Qe7 6. Nbd2 Nbd7 7. Ne5 c5 8. c3 Ne4 9. Nxe4 dxe4 10. Qg4 Bxe5 11. dxe5 f5 12. exf6 Nxf6 13. Qh4 0-0 14. Bc4 Kh8 15. 0-0 Rg8 16. Be5 Bd7 17. Rad1 Rad8 18. Rd6 b5 19. Bb3 c4 20. Bc2 Bc8 21. Rfd1 Bb7 22. f3 Rxd6 23. Bxd6 Qf7 24. f4 Rc8 1/2-1/2

[Event "ITA-chT UISP 23rd"]
[Site "Rimini"]
[Date "2002.12.??"]
[Round "6"]
[White "Giussani, Igor"]
[Black "Capuano, Francesca"]
[Result "1/2-1/2"]
[WhiteElo "1600"]
[BlackElo "2023"]
[PlyCount "37"]
[EventDate "2002.12.??"]
[EventType "team"]
[EventRounds "6"]
[EventCountry "ITA"]
[SourceTitle "EXT 2024"]
[Source "ChessBase"]
[SourceDate "2023.10.10"]
[SourceVersion "1"]
[SourceVersionDate "2023.10.10"]
[SourceQuality "1"]

1. d4 d5 2. c4 e6 3. cxd5 exd5 4. Nc3 Nf6 5. Bg5 Be7 6. e3 0-0 7. Qc2 c6 8. Bd3 Nbd7 9. Nf3 Re8 10. 0-0 Nf8 11. Rab1 a5 12. a3 g6 13. b4 axb4 14. axb4 Ne6 15. Bh4 Ng7 16. b5 Bd6 17. bxc6 bxc6 18. Bg3 Bxg3 19. hxg3 1/2-1/2

[Event "ITA-chT UISP 23rd"]
[Site "Rimini"]
[Date "2002.12.??"]
[Round "4"]
[White "Soprano, Paolo"]
[Black "Capuano, Francesca"]
[Result "1/2-1/2"]
[WhiteElo "2276"]
[BlackElo "2023"]
[PlyCount "27"]
[EventDate "2002.12.??"]
[EventType "team"]
[EventRounds "6"]
[EventCountry "ITA"]
[SourceTitle "EXT 2024"]
[Source "ChessBase"]
[SourceDate "2023.10.10"]
[SourceVersion "1"]
[SourceVersionDate "2023.10.10"]
[SourceQuality "1"]

1. c4 Nf6 2. Nc3 e6 3. Nf3 d5 4. cxd5 exd5 5. d4 c6 6. Bg5 Be7 7. e3 0-0 8. Bd3 Nbd7 9. 0-0 Re8 10. Qc2 Nf8 11. Bxf6 Bxf6 12. b4 a6 13. a4 Bd7 14. Rab1 1/2-1/2

[Event "ITA-ch (Women) 28th"]
[Site "Imperia"]
[Date "2001.09.08"]
[Round "8"]
[White "Capuano, Francesca"]
[Black "Clappa, Ilaria"]
[Result "1-0"]
[WhiteElo "2010"]
[BlackElo "1558"]
[PlyCount "69"]
[EventDate "2001.09.02"]
[EventType "swiss"]
[EventRounds "9"]
[EventCountry "ITA"]
[SourceTitle "EXT 2007"]
[Source "ChessBase"]
[SourceDate "2006.11.23"]
[SourceVersion "1"]
[SourceVersionDate "2006.11.23"]
[SourceQuality "1"]

1. d4 d5 2. Nf3 Nf6 3. Bf4 Bf5 4. e3 e6 5. Nbd2 Be7 6. c3 0-0 7. Qb3 b6 8. Ne5 Bd6 9. Bg5 c5 10. Be2 h6 11. Bh4 c4 12. Qd1 g5 13. Bg3 Nbd7 14. Nxf7 Rxf7 15. Bxd6 Bg6 16. 0-0 Rc8 17. f4 Ne8 18. Ba3 Ng7 19. g4 b5 20. Rc1 a5 21. b3 Rc6 22. bxc4 bxc4 23. Qa4 Ra6 24. Rf3 Nf8 25. Bxf8 Rxf8 26. h3 Qc7 27. Rcf1 Rb8 28. Qa3 Qa7 29. fxg5 hxg5 30. Rf8+ Rxf8 31. Qxf8+ Kh7 32. Nf3 Qf7 33. Qxf7 Bxf7 34. Nxg5+ Kg6 35. Nxf7 1-0